书目信息 |
| 题名: |
建设工程造价案例分析
|
|
| 作者: | 尹贻林 主编 ;何增勤 , 王亦虹 编 | |
| 分册: | ||
| 出版信息: | 北京 中国计划出版社 2013.05 |
|
| 页数: | 386页 | |
| 开本: | 26cm | |
| 丛书名: | ||
| 单 册: | ||
| 中图分类: | TU723.3 | |
| 科图分类: | ||
| 主题词: | 工程造价 , 建筑工程 , 建筑工程--工程造价--案例--资格考试--自学参考资料 | |
| 电子资源: | ||
| ISBN: | 978-7-80242-868-3 | |
| 000 | 01153nam0 2200337 450 | |
| 001 | 0100140535 | |
| 005 | 20141020221305.0 | |
| 010 | @a978-7-80242-868-3@dCNY57.00 | |
| 100 | @a20140109d2013 em y0chiy50 ea | |
| 101 | 0 | @achi |
| 101 | 11 | @achi |
| 102 | @aCN@b110000 | |
| 105 | @ay z 000yy | |
| 106 | @ar | |
| 200 | 1 | @a建设工程造价案例分析@Ajian she gong cheng zao jia an li fen xi@b专著@f尹贻林主编@Fyin yi lin zhu bian@g何增勤,王亦虹[编]@Ghe zeng qin wang yi hong [ bian |
| 205 | @a9版 | |
| 210 | @a北京@c中国计划出版社@d2013.05 | |
| 215 | @a386页@d26cm | |
| 300 | @a2013年版全国造价工程师执业资格考试应试指南 | |
| 330 | @a本书内容包括:建设项目投资估算与财务评价、工程计量与计价、建设工程招标投标、工程合同价款管理、工程结算与决算等。 | |
| 540 | @a建设工程造价案例分析 | |
| 606 | 0 | @a工程造价 |
| 606 | 0 | @a建筑工程 |
| 606 | 0 | @a建筑工程@x工程造价@x案例@x资格考试@j自学参考资料 |
| 690 | @aTU723.3@v5 | |
| 701 | 0 | @a尹贻林@Ayin yi lin@4主编 |
| 702 | 0 | @a何增勤@Ahe zeng qin@9he zeng qin@f(1946~)@4编 |
| 702 | 0 | @a王亦虹@Awang yi hong |
| 801 | @aCN | |
| 901 | @a001 | |
| 905 | @b1103383-5@dTU723.3@eY606@f3@a241430 | |
| 建设工程造价案例分析/尹贻林主编/何增勤,王亦虹[编].-9版.-北京:中国计划出版社,2013.05 |
| 386页;26cm |
| 2013年版全国造价工程师执业资格考试应试指南 |
| ISBN 978-7-80242-868-3:CNY57.00 |
| 本书内容包括:建设项目投资估算与财务评价、工程计量与计价、建设工程招标投标、工程合同价款管理、工程结算与决算等。 |
| ● |
| 相关链接 |
|
|
|
正题名:建设工程造价案例分析
索取号:TU723.3/Y606
 
预约/预借
| 序号 | 登录号 | 条形码 | 馆藏地/架位号 | 状态 | 备注 |
| 1 | 1103383 | 211033834 | 建筑库201/201建筑库 38排3列3层/ [索取号:TU723.3/Y606] | 在馆 | |
| 2 | 1103384 | 211033843 | 管理学院资料室/101建筑库 63排5列2层/ [索取号:TU723.3/Y606] | 在馆 | |
| 3 | 1103385 | 211033852 | 建筑库201/201建筑库 38排3列3层/ [索取号:TU723.3/Y606] | 在馆 |